000
00331nam a22001457a 4500
008
211013b ||||| |||| 00| 0 eng d
020
_a
2800813331104
041
_a
eng
080
_a
159.9
082
_a
159.9
100
_a
48
101
_a
PSI
245
_a
Selfhood Identity, Esteem, Regulation
_c
Hoyle,R.H
942
_2
udc
_c
BK
999
_c
58207
_d
58207